000 00571nam a22001817a 4500
005 20251108172253.0
008 250721s1988 xx 000 0 ara d
082 1 4 _a956.405/سمي
100 1 _aأبو خطاب، سمير
245 1 0 _aالعمليات الفدائية عام 1987 /
264 1 _aعمان :
_bدار ابن رشد للنشر و التوزيع،
_c1988.
300 _a145ص
490 0 _aدراسات دائرة شؤون الوطن المحتل ؛30
650 1 7 _aفلسطين
650 1 7 _aتاريخ-1987
942 _2ddc
_cBK
999 _c74729
_d74729